| 000 | 00504cam a2200193ua 4500 | ||
|---|---|---|---|
| 001 | 3717 | ||
| 005 | 20260515113723.0 | ||
| 008 | 120216n ii |||gr||||Z||||||asm | ||
| 040 | _cMAIN | ||
| 082 | _a491.4514 | ||
| 100 |
_aBaruah, Nabakanta, _eAuthor. |
||
| 245 | 1 | 1 |
_aAsamiya chandasilpar bhumika _cby Nabakanta Baruah |
| 250 | _a1st. | ||
| 260 |
_aGuwahati: _bAssam book Depot,984. |
||
| 300 |
_a94p: _c23cm. |
||
| 653 | _aAssamese literature | ||
| 653 | _aAsamiya chandasilpar bhumika | ||
| 942 | _cBK | ||
| 999 |
_c3542 _d3542 |
||